Nghiên cứu phản ứng đồng trùng hợp ghép axit acrylic lênChitin sử dụng chất khơi mào Fe2+/H2O2
Tổng quan vấn đề nghiên cứu:axit acrylic, chất khơi mào Fe2+/H2O2, quá trình đồng trùng hợp. Nguyên liệu và phương pháp nghiên cứu. Kết quả và bàn luận: điều chế chitin; Quá trình đồng trùng hợp ghép axit acrylic lên Chitin; Kháo sát khả năng hấp phụ Hg2+ và Zn2+ trong dung dịch nước của chitin...
Uloženo v:
| Hlavní autor: | |
|---|---|
| Další autoři: | |
| Médium: | Kniha |
| Jazyk: | Vietnamese |
| Vydáno: |
Đại học Đà Nẵng
Trường đại học Sư Phạm
2011
|
| Edice: | Khóa luận tốt nghiệp đại học. Chuyên ngành: Sư phạm hóa
|
| Témata: | |
| Tagy: |
Přidat tag
Žádné tagy, Buďte první, kdo otaguje tento záznam!
|
| Thư viện lưu trữ: | Mạng thư viện Đại học Đà Nẵng |
|---|
| LEADER | 01701nam a2200349 4500 | ||
|---|---|---|---|
| 001 | 000012551 | ||
| 003 | 8855 | ||
| 005 | 20120222090236.0 | ||
| 008 | 120222s2011 viesd | ||
| 041 | |a vie | ||
| 072 | |a Khóa luận tốt nghiệp | ||
| 082 | |a 547.05 |b LE-A | ||
| 100 | |a Lê, Hải Ánh | ||
| 245 | |a Nghiên cứu phản ứng đồng trùng hợp ghép axit acrylic lênChitin sử dụng chất khơi mào Fe2+/H2O2 |c Lê, Hải Ánh | ||
| 260 | |a Đại học Đà Nẵng |b Trường đại học Sư Phạm |c 2011 | ||
| 300 | |a 59tr. |b hình mhọa |c 29 cm | ||
| 490 | |a Khóa luận tốt nghiệp đại học. Chuyên ngành: Sư phạm hóa | ||
| 500 | |a Tham khảo tr. 58 | ||
| 520 | |a Tổng quan vấn đề nghiên cứu:axit acrylic, chất khơi mào Fe2+/H2O2, quá trình đồng trùng hợp. Nguyên liệu và phương pháp nghiên cứu. Kết quả và bàn luận: điều chế chitin; Quá trình đồng trùng hợp ghép axit acrylic lên Chitin; Kháo sát khả năng hấp phụ Hg2+ và Zn2+ trong dung dịch nước của chitin | ||
| 653 | |a Khóa luận tốt nghiệp đại học | ||
| 653 | |a Khoa Hóa học | ||
| 700 | |a Trần, Mạnh Lục |c TS |e Hướng dẫn | ||
| OWN | |a LSP | ||
| AVA | |a UDN50 |b LSP |d 547.05 LE-A |e available |t Error 5001 Not defined in file expand_doc_bib_avail. |f 1 |g 0 |h N |i 0 |k 1 | ||
| 999 | |a From the UDN01 | ||
| AVA | |a UDN50 |b LSP |d 547.05 LE-A |e available |t Error 5001 Not defined in file expand_doc_bib_avail. |f 1 |g 0 |h N |i 0 |k 1 | ||
| TYP | |a Monograph | ||
| TYP | |a Printed language | ||
| 980 | |a Mạng thư viện Đại học Đà Nẵng | ||